000
00293nam a2200109Ia 4500
008
190216s9999||||xx |||||||||||||| ||und||
100
_a
Edwin Miose
245
0
_a
Elementary Geometry From An Advanced Stand Point
260
_b
Adison Wesley Publishing Co.
650
_a
Mathematics
942
_c
BK
999
_c
30410
_d
30410